Un club - Son meilleur Buteur - Statistiques

Statistiques générales
  • Ce quiz a été pris 402 fois
  • Le résultat moyen est 11 sur 20
Statistiques - réponses
Club Nombre de buts Période au club Meilleur Buteur % Correct
Real Madrid 450 2009-2018 Cristiano Ronaldo
99%
FC Barcelone 672 2004-2021 Lionel Messi
99%
Atlético de Madrid 198 2014-20192022- Antoine Griezmann
97%
PSG 256 2017-2024 Kylian Mbappé
93%
Manchester City 260 2011-2021 Sergio Agüero
87%
Arsenal FC 228 1999-20072012 Thierry Henry
87%
Manchester United 253 2004-2017 Wayne Rooney
83%
AS Roma 307 1993-2017 Francesco Totti
73%
Borussia Dortmund 170 2012-2024 Marco Reus
65%
Lazio Rome 207 2016-2024 Ciro Immobile
63%
Bayern Munich 570 1964-1979 Gerd Müller
61%
Juventus FC 289 1993-2012 Alessandro Del Piero
50%
RB Leipzig 113 2016-20202022- Timo Werner
34%
FC Liverpool 339 1980-19861988-1996 Ian Rush
20%
Inter Milan 284 1927-1940 Giuseppe Meazza
18%
Olympique Lyonnais 222 1960-1974 Fleury Di Nallo
12%
Olympique de Marseille 194 1950-1958 Gunnar Andersson
6%
FC Porto 163 1996-2000 Jardel
5%
SL Benfica 172 2007- 2014 Óscar Cardozo
4%
AC Milan 221 1949-1956 Gunnar Nordahl
3%
Aucun quiz correspondant
Distribution des résultats
% des personnes avec chaque résultat
Percentile par nombre de réponses
Votre historique - résultats
Vous n’avez pas pris ce quiz